[Event "World Chess Olympiad 2018"]
[Site "Batumi"]
[Date "2018.10.01"]
[Round "7"]
[Board "1"]
[WhiteFideId "4500261"]
[White "Kulaots Kaido"]
[BlackFideId "2101246"]
[Black "Leitao Rafael"]
[Result "1/2-1/2"]
[LiveChessVersion "1.4.8"]
[BlackElo "2620"]
[WhiteElo "2542"]

1. e4 {[%clk 1:30:56]} c5 {[%clk 1:30:51]} 2. Nf3 {[%clk 1:31:13]} e6
{[%clk 1:31:10]} 3. d4 {[%clk 1:31:23]} cxd4 {[%clk 1:31:33]} 4. Nxd4
{[%clk 1:31:48]} Nc6 {[%clk 1:31:51]} 5. Nc3 {[%clk 1:31:57]} a6 {[%clk 1:31:44]}
6. Be3 {[%clk 1:31:04]} Nf6 {[%clk 1:31:26]} 7. Qf3 {[%clk 1:29:42]} d6
{[%clk 1:28:30]} 8. O-O-O {[%clk 1:18:33]} Bd7 {[%clk 1:27:29]} 9. Qg3
{[%clk 1:15:59]} Nxd4 {[%clk 1:11:32]} 10. Bxd4 {[%clk 1:13:41]} e5
{[%clk 1:09:59]} 11. Be3 {[%clk 1:12:45]} Be7 {[%clk 1:09:48]} 12. Be2
{[%clk 0:58:36]} Rc8 {[%clk 1:06:26]} 13. Bg5 {[%clk 0:54:34]} Be6
{[%clk 0:59:34]} 14. Bxf6 {[%clk 0:51:58]} Bxf6 {[%clk 0:59:50]} 15. Nd5
{[%clk 0:51:22]} Bxd5 {[%clk 0:59:15]} 16. Rxd5 {[%clk 0:51:37]} O-O
{[%clk 0:59:29]} 17. h4 {[%clk 0:48:16]} b5 {[%clk 0:58:03]} 18. Kb1
{[%clk 0:42:37]} Rc5 {[%clk 0:51:30]} 19. Rd2 {[%clk 0:35:23]} Be7
{[%clk 0:43:45]} 20. Qe3 {[%clk 0:33:12]} a5 {[%clk 0:36:02]} 21. g3
{[%clk 0:30:34]} Qc7 {[%clk 0:32:09]} 22. Rhd1 {[%clk 0:27:31]} b4
{[%clk 0:31:05]} 23. Qb3 {[%clk 0:25:56]} Qc6 {[%clk 0:21:50]} 24. Rd5
{[%clk 0:21:59]} Rc8 {[%clk 0:18:01]} 25. R1d2 {[%clk 0:13:52]} Rxd5
{[%clk 0:07:39]} 26. Qxd5 {[%clk 0:08:30]} Qxd5 {[%clk 0:07:13]} 27. Rxd5
{[%clk 0:08:47]} Rc5 {[%clk 0:07:14]} 28. Rxc5 {[%clk 0:06:26]} dxc5
{[%clk 0:07:38]} 29. Bc4 {[%clk 0:06:44]} Kf8 {[%clk 0:07:46]} 30. c3
{[%clk 0:06:58]} Bd8 {[%clk 0:06:09]} 31. Kc2 {[%clk 0:07:16]} Ke7
{[%clk 0:06:09]} 32. Kb3 {[%clk 0:07:31]} f6 {[%clk 0:06:07]} 33. Ka4
{[%clk 0:06:11]} Kd6 {[%clk 0:06:25]} 34. Kb5 {[%clk 0:06:31]} Bc7
{[%clk 0:06:12]} 35. h5 {[%clk 0:06:39]} h6 {[%clk 0:06:22]} 36. a4
{[%clk 0:05:53]} Bd8 {[%clk 0:05:59]} 37. Ka6 {[%clk 0:05:44]} Bc7
{[%clk 0:05:54]} 38. Kb7 {[%clk 0:05:06]} Bd8 {[%clk 0:06:13]} 39. Kc8
{[%clk 0:05:01]} Bb6 {[%clk 0:06:36]} 40. Kb7 {[%clk 0:33:37]} Bd8
{[%clk 0:36:58]} 41. Kc8 {[%clk 0:33:26]} Bb6 {[%clk 0:37:23]} 42. f4
{[%clk 0:33:07]} Bc7 {[%clk 0:37:18]} 43. fxe5+ {[%clk 0:31:03]} fxe5
{[%clk 0:36:58]} 44. g4 {[%clk 0:31:16]} 1/2-1/2

[Event "World Chess Olympiad 2018"]
[Site "Batumi"]
[Date "2018.10.01"]
[Round "7"]
[Board "2"]
[WhiteFideId "2107139"]
[White "Fier Alexandr"]
[BlackFideId "4500024"]
[Black "Ladva Ottomar"]
[Result "0-1"]
[LiveChessVersion "1.4.8"]
[BlackElo "2500"]
[WhiteElo "2558"]

1. Nf3 {[%clk 1:30:49]} d5 {[%clk 1:30:51]} 2. c4 {[%clk 1:31:15]} e6
{[%clk 1:31:16]} 3. e3 {[%clk 1:30:30]} Nf6 {[%clk 1:31:14]} 4. b3
{[%clk 1:30:45]} Be7 {[%clk 1:30:57]} 5. Bb2 {[%clk 1:31:09]} O-O
{[%clk 1:31:23]} 6. Nc3 {[%clk 1:30:28]} b6 {[%clk 1:27:03]} 7. cxd5
{[%clk 1:29:58]} Nxd5 {[%clk 1:24:11]} 8. Qc2 {[%clk 1:28:37]} c5
{[%clk 1:15:45]} 9. a3 {[%clk 1:26:22]} Ba6 {[%clk 1:13:17]} 10. h4
{[%clk 1:21:22]} f5 {[%clk 1:07:19]} 11. Rd1 {[%clk 1:15:26]} Bxf1
{[%clk 1:04:42]} 12. Kxf1 {[%clk 1:15:51]} Nc6 {[%clk 1:01:35]} 13. g3
{[%clk 1:12:35]} Bf6 {[%clk 0:41:42]} 14. Kg2 {[%clk 1:12:30]} Qd7
{[%clk 0:41:33]} 15. h5 {[%clk 0:58:52]} Rad8 {[%clk 0:38:45]} 16. d3
{[%clk 0:51:00]} Qb7 {[%clk 0:29:52]} 17. Nxd5 {[%clk 0:47:09]} Rxd5
{[%clk 0:30:06]} 18. h6 {[%clk 0:47:22]} Rd7 {[%clk 0:17:06]} 19. hxg7
{[%clk 0:45:44]} Rxg7 {[%clk 0:17:02]} 20. Bxf6 {[%clk 0:39:40]} Rxf6
{[%clk 0:17:30]} 21. Qc3 {[%clk 0:40:04]} Rfg6 {[%clk 0:17:25]} 22. Rh4
{[%clk 0:34:23]} Qc7 {[%clk 0:14:27]} 23. Rf4 {[%clk 0:31:28]} Ne7
{[%clk 0:11:15]} 24. Qe5 {[%clk 0:31:56]} Qb7 {[%clk 0:09:30]} 25. e4
{[%clk 0:32:06]} Nc6 {[%clk 0:08:41]} 26. Qc3 {[%clk 0:27:07]} Qc7
{[%clk 0:06:48]} 27. exf5 {[%clk 0:26:27]} Qxf4 {[%clk 0:04:51]} 28. fxg6
{[%clk 0:26:54]} Rxg6 {[%clk 0:05:14]} 29. b4 {[%clk 0:19:42]} Qf6
{[%clk 0:02:00]} 30. Rc1 {[%clk 0:18:17]} Qf5 {[%clk 0:00:40]} 31. bxc5
{[%clk 0:09:30]} Rh6 {[%clk 0:01:08]} 32. Ng1 {[%clk 0:07:40]} Qd5+
{[%clk 0:00:54]} 33. Kf1 {[%clk 0:08:07]} Rh2 {[%clk 0:01:00]} 34. f3
{[%clk 0:06:58]} Qa2 {[%clk 0:00:51]} 0-1

[Event "World Chess Olympiad 2018"]
[Site "Batumi"]
[Date "2018.10.01"]
[Round "7"]
[Board "3"]
[WhiteFideId "4501950"]
[White "Volodin Aleksandr"]
[BlackFideId "2106388"]
[Black "Supi Luis Paulo"]
[Result "1/2-1/2"]
[LiveChessVersion "1.4.8"]
[BlackElo "2548"]
[WhiteElo "2457"]

1. d4 {[%clk 1:30:57]} Nf6 {[%clk 1:30:55]} 2. c4 {[%clk 1:30:46]} c5
{[%clk 1:29:47]} 3. Nf3 {[%clk 1:28:35]} cxd4 {[%clk 1:27:33]} 4. Nxd4
{[%clk 1:28:59]} b6 {[%clk 1:27:56]} 5. Nc3 {[%clk 1:26:37]} Bb7 {[%clk 1:28:17]}
6. f3 {[%clk 1:26:56]} d6 {[%clk 1:27:11]} 7. e4 {[%clk 1:27:00]} e6
{[%clk 1:27:19]} 8. Be3 {[%clk 1:26:09]} Be7 {[%clk 1:27:25]} 9. Be2
{[%clk 1:26:15]} O-O {[%clk 1:26:28]} 10. O-O {[%clk 1:26:32]} a6
{[%clk 1:14:18]} 11. Qd2 {[%clk 1:23:58]} Re8 {[%clk 1:11:36]} 12. Rfd1
{[%clk 1:22:24]} Qc7 {[%clk 1:08:37]} 13. Rac1 {[%clk 1:17:58]} Nbd7
{[%clk 1:07:55]} 14. b4 {[%clk 1:10:12]} Rac8 {[%clk 1:05:52]} 15. a3
{[%clk 1:08:02]} Qb8 {[%clk 1:05:17]} 16. Nb3 {[%clk 1:07:53]} h5
{[%clk 0:38:02]} 17. Bf1 {[%clk 1:03:26]} h4 {[%clk 0:36:25]} 18. Qf2
{[%clk 0:57:27]} Bc6 {[%clk 0:20:06]} 19. Nd4 {[%clk 0:46:30]} Ba8
{[%clk 0:19:41]} 20. Nb3 {[%clk 0:33:17]} h3 {[%clk 0:09:19]} 21. g3
{[%clk 0:32:37]} Ne5 {[%clk 0:09:33]} 22. Na4 {[%clk 0:30:00]} Bd8
{[%clk 0:07:02]} 23. Bd4 {[%clk 0:17:52]} Nxf3+ {[%clk 0:04:57]} 24. Qxf3
{[%clk 0:17:51]} Nxe4 {[%clk 0:05:26]} 25. Bxh3 {[%clk 0:12:06]} Ng5
{[%clk 0:03:57]} 26. Qf1 {[%clk 0:12:34]} Nf3+ {[%clk 0:03:19]} 27. Kf2
{[%clk 0:13:03]} b5 {[%clk 0:02:21]} 28. Nb2 {[%clk 0:11:31]} Nxh2
{[%clk 0:01:55]} 29. Qd3 {[%clk 0:11:35]} Nf3 {[%clk 0:01:20]} 30. Bg2
{[%clk 0:08:43]} Nxd4 {[%clk 0:01:25]} 31. Nxd4 {[%clk 0:09:11]} bxc4
{[%clk 0:01:28]} 32. Nxc4 {[%clk 0:09:15]} d5 {[%clk 0:01:42]} 33. Ne3
{[%clk 0:08:27]} Rxc1 {[%clk 0:01:48]} 34. Rxc1 {[%clk 0:08:56]} Bb6
{[%clk 0:02:13]} 35. Nb3 {[%clk 0:08:37]} Qe5 {[%clk 0:00:39]} 36. Nc5
{[%clk 0:08:43]} Bc7 {[%clk 0:00:42]} 37. Nf1 {[%clk 0:07:49]} a5
{[%clk 0:01:04]} 38. Kg1 {[%clk 0:07:00]} axb4 {[%clk 0:01:07]} 39. axb4
{[%clk 0:07:29]} Qd6 {[%clk 0:00:41]} 40. Kh2 {[%clk 0:31:38]} Bb6
{[%clk 0:30:32]} 41. Ne3 {[%clk 0:29:57]} Bc7 {[%clk 0:25:34]} 42. Ng4
{[%clk 0:27:35]} Rd8 {[%clk 0:15:45]} 43. Rf1 {[%clk 0:27:00]} Bc6
{[%clk 0:15:00]} 44. Re1 {[%clk 0:24:22]} Bb5 {[%clk 0:09:47]} 45. Qf3
{[%clk 0:23:42]} Rb8 {[%clk 0:09:53]} 46. Re5 {[%clk 0:14:09]} Qe7
{[%clk 0:06:09]} 47. Qxd5 {[%clk 0:07:36]} Bxe5 {[%clk 0:05:40]} 48. Qxe5
{[%clk 0:08:05]} Rb6 {[%clk 0:05:46]} 49. Ne3 {[%clk 0:06:17]} Qd6
{[%clk 0:04:59]} 50. Qg5 {[%clk 0:06:02]} Rb8 {[%clk 0:03:28]} 51. Ng4
{[%clk 0:05:32]} Qd4 {[%clk 0:02:49]} 52. Ne4 {[%clk 0:04:10]} Kf8
{[%clk 0:02:28]} 53. Qh5 {[%clk 0:03:53]} Be8 {[%clk 0:02:08]} 54. Qh8+
{[%clk 0:03:46]} Ke7 {[%clk 0:02:37]} 55. Qh4+ {[%clk 0:04:02]} Kf8
{[%clk 0:01:48]} 56. Qh8+ {[%clk 0:01:41]} Ke7 {[%clk 0:02:18]} 57. Qh4+
{[%clk 0:01:37]} Kf8 {[%clk 0:02:31]} 58. Qh5 1/2-1/2

[Event "World Chess Olympiad 2018"]
[Site "Batumi"]
[Date "2018.10.01"]
[Round "7"]
[Board "4"]
[WhiteFideId "2107660"]
[White "Mekhitarian Krikor Sevag"]
[BlackFideId "4500458"]
[Black "Sirosh Ilja"]
[Result "1/2-1/2"]
[LiveChessVersion "1.4.8"]
[BlackElo "2380"]
[WhiteElo "2543"]

1. e4 {[%clk 1:30:58]} e5 {[%clk 1:30:50]} 2. Nf3 {[%clk 1:31:26]} Nc6
{[%clk 1:31:11]} 3. Bb5 {[%clk 1:31:53]} a6 {[%clk 1:31:33]} 4. Ba4
{[%clk 1:32:20]} Nf6 {[%clk 1:31:51]} 5. O-O {[%clk 1:32:44]} Be7
{[%clk 1:31:56]} 6. d3 {[%clk 1:32:38]} b5 {[%clk 1:32:11]} 7. Bb3
{[%clk 1:33:06]} d6 {[%clk 1:32:28]} 8. a3 {[%clk 1:31:45]} Na5 {[%clk 1:28:28]}
9. Ba2 {[%clk 1:31:55]} c5 {[%clk 1:28:26]} 10. Nc3 {[%clk 1:28:50]} Be6
{[%clk 1:28:27]} 11. Nd5 {[%clk 1:17:36]} Nxd5 {[%clk 1:16:58]} 12. Bxd5
{[%clk 1:07:28]} Rc8 {[%clk 1:05:52]} 13. Bxe6 {[%clk 1:01:53]} fxe6
{[%clk 1:06:16]} 14. b4 {[%clk 1:02:18]} Nc6 {[%clk 1:05:14]} 15. c3
{[%clk 0:58:57]} O-O {[%clk 0:59:52]} 16. Be3 {[%clk 0:58:43]} Qe8
{[%clk 0:51:57]} 17. Qe2 {[%clk 0:53:24]} c4 {[%clk 0:30:04]} 18. dxc4
{[%clk 0:33:55]} bxc4 {[%clk 0:30:32]} 19. a4 {[%clk 0:33:59]} Nd8
{[%clk 0:23:00]} 20. Rfb1 {[%clk 0:31:27]} Bf6 {[%clk 0:22:46]} 21. b5
{[%clk 0:31:05]} axb5 {[%clk 0:23:12]} 22. axb5 {[%clk 0:29:51]} Rf7
{[%clk 0:20:31]} 23. h3 {[%clk 0:19:23]} Rb7 {[%clk 0:18:38]} 24. Qd1
{[%clk 0:19:09]} Nf7 {[%clk 0:14:47]} 25. Ra5 {[%clk 0:11:12]} Bd8
{[%clk 0:13:42]} 26. b6 {[%clk 0:11:40]} Qc6 {[%clk 0:13:14]} 27. Qa4
{[%clk 0:12:03]} Qxa4 {[%clk 0:07:25]} 28. Rxa4 {[%clk 0:12:32]} d5
{[%clk 0:07:05]} 29. Ra7 {[%clk 0:07:30]} Rcb8 {[%clk 0:06:21]} 30. Rxb7
{[%clk 0:06:36]} Rxb7 {[%clk 0:06:50]} 31. Bc5 {[%clk 0:05:00]} Bf6
{[%clk 0:04:43]} 32. Ra1 {[%clk 0:03:20]} Nd8 {[%clk 0:05:02]} 33. Ra8
{[%clk 0:03:28]} Kf7 {[%clk 0:03:21]} 34. Rc8 {[%clk 0:03:40]} Rd7
{[%clk 0:02:47]} 35. Be3 {[%clk 0:00:39]} Nb7 {[%clk 0:02:20]} 36. g4
{[%clk 0:00:37]} g6 {[%clk 0:01:05]} 37. g5 {[%clk 0:01:00]} Bg7 {[%clk 0:01:31]}
38. Kf1 {[%clk 0:01:10]} Ke7 {[%clk 0:01:15]} 39. Rg8 {[%clk 0:00:47]} Kd6
{[%clk 0:01:31]} 40. Ke2 {[%clk 0:30:48]} Nc5 {[%clk 0:30:41]} 41. Bxc5+
{[%clk 0:22:42]} Kxc5 {[%clk 0:31:10]} 42. Re8 {[%clk 0:18:30]} Kd6
{[%clk 0:28:49]} 43. Rb8 {[%clk 0:08:52]} Kc6 {[%clk 0:28:58]} 44. Re8
{[%clk 0:07:15]} Kd6 {[%clk 0:29:26]} 45. Rb8 {[%clk 0:03:25]} Kc6
{[%clk 0:21:34]} 46. Re8 {[%clk 0:03:06]} 1/2-1/2

[Event "World Chess Olympiad 2018"]
[Site "Batumi"]
[Date "2018.10.01"]
[Round "7"]
[Board "1"]
[WhiteFideId "13002783"]
[White "Wynn Zaw Htun"]
[BlackFideId "3202534"]
[Black "Zhao Zong-Yuan"]
[Result "1/2-1/2"]
[LiveChessVersion "1.4.8"]
[BlackElo "2523"]
[WhiteElo "2473"]

1. Nf3 {[%clk 1:30:56]} c5 {[%clk 1:30:41]} 2. e4 {[%clk 1:30:27]} e6
{[%clk 1:28:46]} 3. d3 {[%clk 1:29:08]} d5 {[%clk 1:26:09]} 4. Nbd2
{[%clk 1:29:25]} Nf6 {[%clk 1:25:30]} 5. g3 {[%clk 1:29:09]} Nc6 {[%clk 1:25:05]}
6. Bg2 {[%clk 1:29:25]} Be7 {[%clk 1:25:30]} 7. O-O {[%clk 1:29:32]} O-O
{[%clk 1:25:52]} 8. e5 {[%clk 1:28:01]} Nd7 {[%clk 1:26:11]} 9. Re1
{[%clk 1:28:26]} Qc7 {[%clk 1:25:01]} 10. Qe2 {[%clk 1:28:39]} b5
{[%clk 1:25:14]} 11. Nf1 {[%clk 1:27:58]} Bb7 {[%clk 1:23:10]} 12. h4
{[%clk 1:22:41]} Rfc8 {[%clk 1:20:46]} 13. Bf4 {[%clk 1:22:06]} Qd8
{[%clk 1:18:17]} 14. Bh3 {[%clk 1:16:38]} Bf8 {[%clk 1:06:35]} 15. N1h2
{[%clk 1:13:51]} d4 {[%clk 0:58:48]} 16. Ng5 {[%clk 1:09:04]} Qe8
{[%clk 0:47:40]} 17. Qe4 {[%clk 0:51:47]} g6 {[%clk 0:47:33]} 18. Qe2
{[%clk 0:49:18]} Nb4 {[%clk 0:38:40]} 19. Ng4 {[%clk 0:42:37]} h6
{[%clk 0:32:59]} 20. Ne4 {[%clk 0:40:33]} Bxe4 {[%clk 0:32:58]} 21. dxe4
{[%clk 0:36:35]} h5 {[%clk 0:30:16]} 22. Nf6+ {[%clk 0:36:23]} Nxf6
{[%clk 0:30:44]} 23. exf6 {[%clk 0:36:49]} c4 {[%clk 0:29:45]} 24. Red1
{[%clk 0:31:10]} d3 {[%clk 0:24:48]} 25. cxd3 {[%clk 0:31:24]} Nxd3
{[%clk 0:25:17]} 26. Be3 {[%clk 0:30:29]} Qd8 {[%clk 0:16:14]} 27. e5
{[%clk 0:26:57]} Qc7 {[%clk 0:16:44]} 28. f4 {[%clk 0:25:32]} Bc5
{[%clk 0:15:00]} 29. Bg2 {[%clk 0:21:51]} Nxb2 {[%clk 0:12:27]} 30. Rd6
{[%clk 0:10:48]} Rab8 {[%clk 0:05:29]} 31. Rc6 {[%clk 0:10:22]} Bxe3+
{[%clk 0:05:29]} 32. Qxe3 {[%clk 0:10:47]} Qd8 {[%clk 0:05:48]} 33. Rd6
{[%clk 0:05:56]} Qf8 {[%clk 0:06:08]} 34. f5 {[%clk 0:03:06]} exf5
{[%clk 0:05:01]} 35. Rd7 {[%clk 0:01:30]} Rd8 {[%clk 0:03:20]} 36. Re7
{[%clk 0:00:54]} Rb6 {[%clk 0:02:48]} 37. Qg5 {[%clk 0:00:47]} Nd3
{[%clk 0:01:23]} 38. e6 {[%clk 0:00:49]} Rxe6 {[%clk 0:00:59]} 39. Rxe6
{[%clk 0:01:15]} fxe6 {[%clk 0:01:03]} 40. Qxg6+ {[%clk 0:31:38]} Kh8
{[%clk 0:31:32]} 41. Qxh5+ {[%clk 0:31:34]} Kg8 {[%clk 0:32:02]} 42. Qg6+
{[%clk 0:30:24]} Kh8 {[%clk 0:32:27]} 43. Qh5+ {[%clk 0:15:35]} Kg8
{[%clk 0:32:55]} 44. Qg5+ {[%clk 0:14:23]} Kh7 {[%clk 0:28:08]} 45. Qh5+
{[%clk 0:14:42]} Kg8 {[%clk 0:23:26]} 1/2-1/2

[Event "World Chess Olympiad 2018"]
[Site "Batumi"]
[Date "2018.10.01"]
[Round "7"]
[Board "2"]
[WhiteFideId "3205207"]
[White "Illingworth Max"]
[BlackFideId "13000071"]
[Black "Myo Naing"]
[Result "1-0"]
[LiveChessVersion "1.4.8"]
[BlackElo "2327"]
[WhiteElo "2512"]

1. e4 {[%clk 1:30:56]} e5 {[%clk 1:30:39]} 2. Nf3 {[%clk 1:31:19]} Nc6
{[%clk 1:31:01]} 3. Bb5 {[%clk 1:31:36]} a6 {[%clk 1:30:53]} 4. Ba4
{[%clk 1:32:00]} d6 {[%clk 1:30:38]} 5. O-O {[%clk 1:32:12]} Bd7 {[%clk 1:30:04]}
6. c3 {[%clk 1:32:33]} g6 {[%clk 1:30:07]} 7. d4 {[%clk 1:32:58]} Bg7
{[%clk 1:30:32]} 8. Re1 {[%clk 1:33:23]} Nge7 {[%clk 1:30:54]} 9. Be3
{[%clk 1:33:04]} O-O {[%clk 1:27:36]} 10. Nbd2 {[%clk 1:33:25]} h6
{[%clk 1:26:04]} 11. Bb3 {[%clk 1:31:47]} Kh7 {[%clk 1:25:30]} 12. Nf1
{[%clk 1:29:54]} f5 {[%clk 1:25:41]} 13. dxe5 {[%clk 1:26:29]} Nxe5
{[%clk 1:25:06]} 14. Nxe5 {[%clk 1:26:30]} Bxe5 {[%clk 1:25:05]} 15. f4
{[%clk 1:25:03]} Bg7 {[%clk 1:25:17]} 16. Ng3 {[%clk 1:24:23]} fxe4
{[%clk 1:24:49]} 17. Nxe4 {[%clk 1:24:47]} Nf5 {[%clk 1:22:22]} 18. Bf2
{[%clk 1:24:36]} Bc6 {[%clk 1:20:20]} 19. Qd3 {[%clk 1:24:05]} Re8
{[%clk 0:49:03]} 20. Bc2 {[%clk 1:15:41]} Bxe4 {[%clk 0:46:40]} 21. Rxe4
{[%clk 1:16:04]} Rxe4 {[%clk 0:47:04]} 22. Qxe4 {[%clk 1:16:28]} d5
{[%clk 0:47:19]} 23. Qe6 {[%clk 1:16:02]} Qd6 {[%clk 0:39:25]} 24. Bxf5
{[%clk 1:14:26]} gxf5 {[%clk 0:39:48]} 25. Qxd6 {[%clk 1:11:19]} cxd6
{[%clk 0:40:16]} 26. Re1 {[%clk 1:11:03]} d4 {[%clk 0:32:03]} 27. Bxd4
{[%clk 1:05:27]} Bxd4+ {[%clk 0:32:25]} 28. cxd4 {[%clk 1:05:54]} Rc8
{[%clk 0:32:48]} 29. Re7+ {[%clk 1:06:17]} Kg6 {[%clk 0:32:48]} 30. Rxb7
{[%clk 1:06:15]} Rc4 {[%clk 0:33:05]} 31. d5 {[%clk 1:06:16]} Rc5
{[%clk 0:32:58]} 32. Rb6 {[%clk 1:05:35]} Rxd5 {[%clk 0:33:19]} 33. Rxa6
{[%clk 1:05:44]} Rd1+ {[%clk 0:33:28]} 34. Kf2 {[%clk 1:06:02]} Rd2+
{[%clk 0:33:55]} 35. Ke3 {[%clk 1:05:32]} Rxb2 {[%clk 0:33:55]} 36. Rxd6+
{[%clk 1:05:56]} Kh5 {[%clk 0:32:47]} 37. Rd2 {[%clk 1:06:19]} Rb4
{[%clk 0:32:13]} 38. g3 {[%clk 1:05:41]} Kg4 {[%clk 0:31:45]} 39. Kd3
{[%clk 1:06:02]} h5 {[%clk 0:31:50]} 40. Kc3 {[%clk 1:36:26]} Re4
{[%clk 1:01:57]} 41. Rf2 {[%clk 1:35:21]} h4 {[%clk 1:01:45]} 42. gxh4
{[%clk 1:35:11]} Kxh4 {[%clk 1:01:07]} 43. Kb3 {[%clk 1:35:35]} Kg4
{[%clk 1:01:13]} 44. a4 {[%clk 1:35:59]} Re1 {[%clk 1:01:27]} 45. a5
{[%clk 1:35:49]} Rb1+ {[%clk 1:01:41]} 46. Kc4 {[%clk 1:35:48]} Ra1
{[%clk 1:01:42]} 47. Kb5 {[%clk 1:36:13]} Rb1+ {[%clk 1:02:03]} 48. Kc6
{[%clk 1:36:37]} Ra1 {[%clk 1:02:13]} 49. Kb6 {[%clk 1:37:03]} Rb1+
{[%clk 1:02:34]} 50. Ka7 {[%clk 1:37:28]} Re1 {[%clk 0:59:11]} 51. a6
{[%clk 1:37:43]} Ra1 {[%clk 0:56:52]} 52. Rb2 {[%clk 1:37:07]} 1-0

[Event "World Chess Olympiad 2018"]
[Site "Batumi"]
[Date "2018.10.01"]
[Round "7"]
[Board "3"]
[WhiteFideId "13001248"]
[White "Khin Than"]
[BlackFideId "4300033"]
[Black "Cheng Bobby"]
[Result "0-1"]
[LiveChessVersion "1.4.8"]
[BlackElo "2507"]
[WhiteElo "2200"]

1. d4 {[%clk 1:30:54]} Nf6 {[%clk 1:30:57]} 2. Nf3 {[%clk 1:31:14]} c5
{[%clk 1:31:22]} 3. e3 {[%clk 1:31:33]} g6 {[%clk 1:31:22]} 4. c3
{[%clk 1:31:33]} Bg7 {[%clk 1:30:13]} 5. Nbd2 {[%clk 1:31:19]} O-O
{[%clk 1:28:15]} 6. Bd3 {[%clk 1:31:28]} d5 {[%clk 1:22:55]} 7. O-O
{[%clk 1:30:53]} Qb6 {[%clk 1:19:08]} 8. dxc5 {[%clk 1:29:59]} Qxc5
{[%clk 1:19:33]} 9. e4 {[%clk 1:30:23]} Qc7 {[%clk 1:16:21]} 10. Qe2
{[%clk 1:22:45]} Nc6 {[%clk 1:16:42]} 11. h3 {[%clk 1:19:51]} e5 {[%clk 1:12:03]}
12. Re1 {[%clk 1:18:53]} Re8 {[%clk 1:11:17]} 13. b4 {[%clk 1:18:15]} h6
{[%clk 1:07:08]} 14. Bb2 {[%clk 1:12:37]} Be6 {[%clk 1:05:22]} 15. b5
{[%clk 1:06:10]} Na5 {[%clk 1:04:09]} 16. exd5 {[%clk 0:53:19]} Nxd5
{[%clk 1:00:20]} 17. Qf1 {[%clk 0:47:01]} Nf4 {[%clk 0:58:57]} 18. Red1
{[%clk 0:29:51]} f5 {[%clk 0:39:44]} 19. Be2 {[%clk 0:26:47]} Rad8
{[%clk 0:36:04]} 20. Nb3 {[%clk 0:20:49]} Nc4 {[%clk 0:29:07]} 21. Rxd8
{[%clk 0:19:28]} Rxd8 {[%clk 0:29:15]} 22. Bc1 {[%clk 0:19:43]} Nxe2+
{[%clk 0:26:56]} 23. Qxe2 {[%clk 0:20:11]} Nb6 {[%clk 0:27:20]} 24. Qe1
{[%clk 0:19:16]} Bc4 {[%clk 0:25:34]} 25. Be3 {[%clk 0:19:02]} Bxb5
{[%clk 0:25:15]} 26. Bxb6 {[%clk 0:19:26]} axb6 {[%clk 0:23:43]} 27. Rd1
{[%clk 0:19:42]} Re8 {[%clk 0:23:27]} 28. Qd2 {[%clk 0:20:11]} Bc6
{[%clk 0:22:30]} 29. Qd6 {[%clk 0:19:29]} Qf7 {[%clk 0:22:37]} 30. Re1
{[%clk 0:18:31]} Bf8 {[%clk 0:22:41]} 31. Qd1 {[%clk 0:18:41]} Qf6
{[%clk 0:22:24]} 32. Qe2 {[%clk 0:18:57]} Bd6 {[%clk 0:22:08]} 33. Qe3
{[%clk 0:19:25]} e4 {[%clk 0:16:53]} 34. Nfd4 {[%clk 0:19:33]} f4
{[%clk 0:15:48]} 35. Qe2 {[%clk 0:18:43]} Qf7 {[%clk 0:10:14]} 36. Nxc6
{[%clk 0:19:06]} bxc6 {[%clk 0:10:40]} 37. f3 {[%clk 0:19:29]} e3
{[%clk 0:09:44]} 38. Rd1 {[%clk 0:19:58]} Be5 {[%clk 0:09:33]} 39. c4
{[%clk 0:20:26]} Kg7 {[%clk 0:06:50]} 40. Nc1 {[%clk 0:50:18]} Bf6
{[%clk 0:32:29]} 41. Qd3 {[%clk 0:48:46]} Rd8 {[%clk 0:30:33]} 42. Qc2
{[%clk 0:49:14]} Rxd1+ {[%clk 0:27:40]} 43. Qxd1 {[%clk 0:49:42]} Qxc4
{[%clk 0:27:49]} 44. Qd7+ {[%clk 0:49:58]} Kh8 {[%clk 0:26:44]} 45. Nd3
{[%clk 0:49:08]} Qd4 {[%clk 0:17:35]} 46. Qxc6 {[%clk 0:47:25]} e2+
{[%clk 0:13:03]} 47. Kh2 {[%clk 0:47:49]} Bh4 {[%clk 0:12:28]} 48. Qe8+
{[%clk 0:47:10]} Kh7 {[%clk 0:12:56]} 49. Qf7+ {[%clk 0:46:17]} Qg7
{[%clk 0:13:22]} 50. Qxf4 {[%clk 0:46:32]} e1=Q {[%clk 0:13:40]} 51. Nxe1
{[%clk 0:46:37]} Bxe1 {[%clk 0:14:06]} 52. h4 {[%clk 0:46:09]} Bc3
{[%clk 0:12:26]} 53. Kh3 {[%clk 0:46:24]} Qd7+ {[%clk 0:10:58]} 54. g4
{[%clk 0:44:54]} Kg7 {[%clk 0:11:23]} 55. Qe4 {[%clk 0:43:52]} Bf6
{[%clk 0:11:13]} 56. Qc4 {[%clk 0:41:40]} Qb7 {[%clk 0:10:01]} 57. Qd3
{[%clk 0:41:38]} Be5 {[%clk 0:08:24]} 58. Kg2 {[%clk 0:38:21]} Qf7
{[%clk 0:08:48]} 59. Qd2 {[%clk 0:37:27]} h5 {[%clk 0:08:34]} 60. gxh5
{[%clk 0:36:39]} gxh5 {[%clk 0:09:02]} 61. Kf2 {[%clk 0:36:40]} Bf6
{[%clk 0:07:43]} 62. Kg3 {[%clk 0:33:52]} Qe7 {[%clk 0:08:04]} 63. Kh3
{[%clk 0:33:57]} Qe6+ {[%clk 0:07:31]} 64. Kg3 {[%clk 0:34:04]} Qe5+
{[%clk 0:07:37]} 65. Kh3 {[%clk 0:33:26]} Qe6+ {[%clk 0:05:49]} 66. Kg3
{[%clk 0:33:48]} Qc4 {[%clk 0:05:01]} 67. Qd7+ {[%clk 0:30:05]} Kh6
{[%clk 0:05:30]} 68. Qd2+ {[%clk 0:29:25]} Kg6 {[%clk 0:05:48]} 69. Kg2
{[%clk 0:29:41]} Qxh4 {[%clk 0:05:41]} 70. Qd3+ {[%clk 0:29:40]} Kh6
{[%clk 0:06:04]} 71. Qd6 {[%clk 0:28:11]} Qg5+ {[%clk 0:06:20]} 72. Kh3
{[%clk 0:26:33]} Qf5+ {[%clk 0:05:54]} 73. Kg2 {[%clk 0:26:35]} Qg6+
{[%clk 0:05:57]} 74. Kh3 {[%clk 0:25:58]} h4 {[%clk 0:05:54]} 75. Qf4+
{[%clk 0:24:56]} Qg5 {[%clk 0:06:14]} 76. Qd6 {[%clk 0:24:09]} Qg3+
{[%clk 0:03:09]} 0-1

[Event "World Chess Olympiad 2018"]
[Site "Batumi"]
[Date "2018.10.01"]
[Round "7"]
[Board "4"]
[WhiteFideId "3205800"]
[White "Morris James"]
[BlackFideId "13003100"]
[Black "Win Tun"]
[Result "1-0"]
[LiveChessVersion "1.4.8"]
[BlackElo "2235"]
[WhiteElo "2494"]

1. Nf3 {[%clk 1:30:57]} Nf6 {[%clk 1:30:57]} 2. g3 {[%clk 1:31:20]} g6
{[%clk 1:31:23]} 3. Bg2 {[%clk 1:31:34]} Bg7 {[%clk 1:31:49]} 4. c4
{[%clk 1:31:40]} O-O {[%clk 1:32:09]} 5. O-O {[%clk 1:32:02]} c6 {[%clk 1:30:31]}
6. Qc2 {[%clk 1:28:12]} d5 {[%clk 1:28:54]} 7. b3 {[%clk 1:25:05]} Bf5
{[%clk 1:20:04]} 8. d3 {[%clk 1:25:29]} a5 {[%clk 1:18:13]} 9. Bb2
{[%clk 1:25:39]} Na6 {[%clk 1:18:16]} 10. a3 {[%clk 1:15:52]} Qb6 11. Nbd2
{[%clk 1:16:10]} Rfd8 {[%clk 1:04:57]} 12. Rac1 {[%clk 1:09:40]} a4
{[%clk 1:00:17]} 13. Bd4 {[%clk 0:50:36]} c5 {[%clk 0:55:59]} 14. Bxf6
{[%clk 0:50:13]} axb3 {[%clk 0:54:18]} 15. Nxb3 {[%clk 0:48:36]} Bxf6
{[%clk 0:53:02]} 16. Nfd2 {[%clk 0:42:37]} d4 {[%clk 0:48:48]} 17. Rb1
{[%clk 0:42:08]} Qc7 {[%clk 0:48:53]} 18. Na1 {[%clk 0:38:24]} Ra7
{[%clk 0:48:29]} 19. Rb5 {[%clk 0:37:57]} Bd7 {[%clk 0:48:34]} 20. Rfb1
{[%clk 0:37:57]} Bc6 {[%clk 0:36:01]} 21. Qb3 {[%clk 0:24:44]} Bxb5
{[%clk 0:34:04]} 22. cxb5 {[%clk 0:23:59]} c4 {[%clk 0:34:33]} 23. Nxc4
{[%clk 0:23:08]} Nc5 {[%clk 0:34:10]} 24. b6 {[%clk 0:23:33]} Qd7
{[%clk 0:25:55]} 25. Qb5 {[%clk 0:22:23]} 1-0